Você consegue acertar os países que mais produzem Café? - Statistics

Estatísticas Gerais
  • Esse quiz foi jogado 90 vezes
  • A pontuação média é 5 de 10
Estatísticas das Respostas
Produção Países % Correto
2.295.000 t Brasil
99%
810.000 t Colômbia
83%
234.000 t México
64%
348.000 t Índia
60%
660.000 t Indonésia
54%
1.650.000 t Vietnã
36%
384.000 t Etiópia
29%
204.000 t Guatemala
21%
348.000 t Honduras
19%
288.000 t Uganda
5%
Nenhum quiz correspondente encontrado
Distribuição das Pontuações
Porcentagem de Pessoas com Cada Pontuação
Percentil de Números Respondidos
Sua Pontuação Histórica
Você não jogou esse quiz